Animals That Are Symbols of Countries - Statistics

General Stats
  • This quiz has been taken 27 times
  • The average score is 8 of 14
Answer Stats
Answer % Correct
Lion
100%
Tiger
100%
Eagle
90%
Elephant
76%
Bear
71%
Dragon
57%
Horse
57%
Kangaroo
48%
Panda
48%
Moose
43%
Falcon
24%
Kiwi
24%
Rooster
19%
Crane
0%
No matching quizzes found
Score Distribution
Percent of People with Each Score
Percentile by Number Answered
Your Score History
You have not taken this quiz